Developmental norms of Indian children 2 1/2 to 5 years, (Record no. 88779)

MARC details
000 -LEADER
fixed length control field 01130cam a2200277 4500
001 - CONTROL NUMBER
control field sa 68019026
003 - CONTROL NUMBER IDENTIFIER
control field DLC
005 - DATE AND TIME OF LATEST TRANSACTION
control field 20260227112716.0
008 - FIXED-LENGTH DATA ELEMENTS--GENERAL INFORMATION
fixed length control field 711008s1967 ii 000 0 eng
010 ## - LIBRARY OF CONGRESS CONTROL NUMBER
LC control number sa 68019026
025 ## - OVERSEAS ACQUISITION NUMBER
Overseas acquisition number PL480:I-F-E-518
040 ## - CATALOGING SOURCE
Original cataloging agency DLC
Transcribing agency DLC
Modifying agency DLC
043 ## - GEOGRAPHIC AREA CODE
Geographic area code a-ii---
050 00 - LIBRARY OF CONGRESS CALL NUMBER
Classification number BF755.I4
Item number M87
100 1# - MAIN ENTRY--PERSONAL NAME
Personal name Muralidharan, Rajalakshmi.
245 10 - TITLE STATEMENT
Title Developmental norms of Indian children 2 1/2 to 5 years,
Remainder of title first report,
Statement of responsibility, etc. by Rajalakshmi Muralidharan, Shib K. Mitra [and] P. D. Khera.
260 ## - PUBLICATION, DISTRIBUTION, ETC.
Place of publication, distribution, etc. [New Delhi]
Name of publisher, distributor, etc. Dept. of Psychological Foundations, National Institute of Educational Research & Training,
Date of publication, distribution, etc. 1967.
300 ## - PHYSICAL DESCRIPTION
Extent 30 p.
Dimensions 33 cm.
490 1# - SERIES STATEMENT
Series statement [Delhi] National Institute of Education, Dept. of Psychological Foundation. Research report
Volume/sequential designation no. 12
500 ## - GENERAL NOTE
General note Cover title.
650 #0 - SUBJECT ADDED ENTRY--TOPICAL TERM
Topical term or geographic name entry element National characteristics, East Indian.
650 #0 - SUBJECT ADDED ENTRY--TOPICAL TERM
Topical term or geographic name entry element Children
Geographic subdivision India.
700 1# - ADDED ENTRY--PERSONAL NAME
Personal name Mitra, Shib K.,
Dates associated with a name 1921-
Relator term joint author.
700 1# - ADDED ENTRY--PERSONAL NAME
Personal name Khera, P. D.,
Relator term joint author.
810 10 - SERIES ADDED ENTRY--CORPORATE NAME
Corporate name or jurisdiction name as entry element [Delhi]
Subordinate unit National Institute of Education, Department of Psychological Foundation.
Title of a work Research report
Volume/sequential designation no. 12.

No items available.

Powered by Koha